| 000 | 01340nam a2200349Ia 4500 | ||
|---|---|---|---|
| 001 | ebr10660300 | ||
| 003 | CaPaEBR | ||
| 006 | m u | ||
| 007 | cr cn||||||||| | ||
| 008 | 090212s2009 nyua sb 001 0 eng d | ||
| 010 | _z 2009005001 | ||
| 020 | _z1607410745 (hardcover) | ||
| 020 | _z9781607410744 (hardcover) | ||
| 020 | _z9781608766512 (ebook) | ||
| 040 |
_aCaPaEBR _cCaPaEBR |
||
| 035 | _a(OCoLC)768310396 | ||
| 050 | 1 | 4 |
_aTD878 _b.S667 2009eb |
| 082 | 0 | 4 |
_a628.5/5 _222 |
| 245 | 0 | 0 |
_aSoil remediation _h[electronic resource] / _cLukas Aachen and Paul Eichmann, editors. |
| 260 |
_aNew York : _bNova Science Publishers, _cc2009. |
||
| 300 |
_axvii, 402 p. : _bill. (some col.). |
||
| 490 | 0 | _aPollution science, technology and abatement series | |
| 504 | _aIncludes bibliographical references and index. | ||
| 533 |
_aElectronic reproduction. _bPalo Alto, Calif. : _cebrary, _d2013. _nAvailable via World Wide Web. _nAccess may be limited to ebrary affiliated libraries. |
||
| 650 | 0 | _aSoil remediation. | |
| 650 | 0 | _aSoil protection. | |
| 655 | 7 |
_aElectronic books. _2local |
|
| 700 | 1 | _aAachen, Lukas. | |
| 700 | 1 |
_aEichmann, Paul, _d1966- |
|
| 710 | 2 | _aebrary, Inc. | |
| 856 | 4 | 0 |
_uhttp://site.ebrary.com/lib/rucke/Doc?id=10660300 _zAn electronic book accessible through the World Wide Web; click to view |
| 999 |
_c170240 _d170240 |
||